Tribuna Barcelona 1995 - 2005 : deu anys de diàleg deu anys de diàleg
Descripción Física:
285 p. : fot. col. ; 28 cm
MARC
| LEADER | 00000nam a2200000Ia 4500 | ||
|---|---|---|---|
| 001 | 19164 | ||
| 008 | 160829s2005 xx 000 0 cat d | ||
| 080 | |a M-3-272 | ||
| 110 | 2 | |a Tribuna Barcelona |9 54499 | |
| 245 | |a Tribuna Barcelona 1995 - 2005 : |b deu anys de diàleg | ||
| 260 | |a Barcelona : |b Tribuna Barcelona, |c 2005 | ||
| 300 | |a 285 p. : |b fot. col. ; |c 28 cm | ||
| 610 | 2 | 0 | |a Tribuna Barcelona |9 54499 |
| 650 | |a Associacions, institucions, etc. |x Barcelona |9 25511 | ||
| 901 | |a Arxiu | ||
| 942 | |n 1 | ||
| 952 | |0 0 |1 0 |4 0 |6 M3272 |7 1 |9 52485 |a Arxiu |b Arxiu |d 2016-12-01 |l 0 |o M-3-272 |p 19164 |r 2016-12-01 00:00:00 |w 2016-12-01 |y ARXIU | ||
| 999 | |c 56333 |d 56333 | ||